| 000 | 00433nam a22001697a 4500 | ||
|---|---|---|---|
| 003 | CEME | ||
| 005 | 20210628205228.0 | ||
| 008 | 210216b xxu||||| |||| 00| 0 eng d | ||
| 020 | _a0-13-375536-3 | ||
| 040 | _c. | ||
| 082 | _a621.3193 RAP'W | ||
| 100 |
_aRappapart, T. S _974485 |
||
| 245 | _aWireless communication principles and practice | ||
| 260 |
_aNEWJERSCY _bPRENTICE HALL _c1996 |
||
| 300 | _aXVI,641P | ||
| 942 |
_cBK _2ddc |
||
| 999 |
_c580009 _d580009 |
||